000 00685nam a2200229Ia 4500
001 15669
003 GE_BSU
008 181216s||||||||xx |||||||||||||| ||und||
040 _cGE_BSU
080 _a821.353.1-31
100 _aძოწენიძე, გრიგოლ
245 _aრისორჯიმენტი
245 _bრომანი
245 _cრედ.ო.გოგუაძე. მხ.ჯ.მიქელაძე
260 _aთბილისი
260 _bსაბჭ. აჭარა
260 _c1976
300 _a195გვ. ; 21სმ
653 _aრისორჯიმენტი
653 _aრომანი
942 _cBK
999 _c48768
_d48768